000 00741nam a22002057a 4500
999 _c9514
_d9514
003 AR-CdUCM
008 190328b ||||| |||| 00| 0 spa d
040 _aMUNICIPALIDAD PROVINCIAL DEL CUSCO
_cBIBLIOTECA MUNICIPAL DEL CUSCO
082 _a345.02 /
_bF65 / 1934
100 _aFlorian, Eugenio
_925767
245 _aElementos de derecho procesal penal /
260 _aBarcelona :
_bBosch,
_c1934.
300 _a514 pƔginas ;
_c22.5 cm.
505 _aContenido : Nociones preliminares -- El derecho procesal y su aplicación -- Objeto del proceso -- Fines del proceso -- Estructura externa del proceso penal ...
650 _aDerecho
_9739
650 _aPenal
_925590
650 _aProcesal
_925768
942 _2ddc
_cLIBROS
945 _arah